The energy challenge.

Bibliographic Details
Corporate Author: Consumers Power Company (Mich.)
Format: Microform Book
Language:English
Published: [Jackson, Mich.?] : Consumers Power Co., [1973?]
Series:Energy and agriculture ; GEN 86.
Subjects:

MARC

Tag First Indicator Second Indicator Subfields
LEADER 00000cam a2200000La 4500
001 in00001012002
005 20150927224414.0
007 he amb024baca
007 he umb---buca
008 820805r19811973ncua b 00010 eng d
035 |a (OCoLC)16789798 
035 |9 AFE1051AM 
037 |a CL0091000001  |b University Microfilms International 
037 |b University Microfilms International, 300 N. Zeeb Rd., Ann Arbor, MI 48106 
040 |a UMI  |c UMI  |d UtOrBLW 
043 |a n-us-mi 
049 |a TXAI 
099 |a fiche  |a S  |a 104  |a GEN 86 
110 2 |a Consumers Power Company (Mich.) 
245 1 4 |a The energy challenge. 
264 1 |a [Jackson, Mich.?] :  |b Consumers Power Co.,  |c [1973?] 
300 |a 1 folded sheet (4 pages) :  |b illustrations ;  |c 28 cm. 
336 |a text  |b txt  |2 rdacontent 
337 |a microform  |b h  |2 rdamedia 
338 |a microfiche  |b he  |2 rdacarrier 
500 |a "A special report reprinted from the 1972 Annual report to shareholders." 
533 |a Microfiche.  |b Sanford, N.C. :  |c Microfilming Corp. of America,  |d 1981.  |e 1 sheet ; 11 x 15 cm.  |f (Energy and agriculture ; GEN 86) 
500 |a Microform. 
650 0 |a Energy conservation  |z Michigan. 
650 0 |a Energy consumption  |z Michigan. 
830 0 |a Energy and agriculture ;  |v GEN 86. 
999 |a MARS 
999 f f |s fed5499d-05c0-3f72-b2f7-7022a48a6f00  |i 27bf87b3-ae4f-39aa-98f8-f7f537462ecb  |t 0 
952 f f |p default  |a Texas A&M University  |b College Station  |c Sterling C. Evans Library  |d Evans: Microforms (3rd floor)  |t 0  |e fiche S 104 GEN 86  |h Other scheme  |i microform -- microfiche 
998 f f |a fiche S 104 GEN 86  |t 0  |l Evans: Microforms (3rd floor)